000 00749nam a22002537a 4500
001 BR6007551
003 BR-BrBNA
005 20230928095616.0
007 ta
008 230509b bl.||||| |||| 00| 0 por d
040 _aBR-BrBNA
_bpor
_cBiblioteca Nacional de Agricultura
041 _a(Por)
072 _aE70
090 _ E70 BR6007551
110 1 _aPresidencia da Republica, Rio de Janeiro, GB (Brasil). Conselho de Desenvolvimento
_97909
245 1 _aSubgrupo generos alimenticios. Organizacao e normas de funcionamento
260 3 _aRio de Janeiro, GB (Brasil):
_c1958.
300 _a11 p.
650 _aMercado Internacional
650 _aExportacao
650 _aAlimento
909 _a202309
_bLucia
_c55
_dLucia Elande
942 _cBK
999 _c57599
_d57599